Kisah wanita dalam Al-Quran / (Record no. 841)

000 -LEADER
fixed length control field nam a22 a 4500
003 - CONTROL NUMBER IDENTIFIER
control field AKMAL
005 - DATE AND TIME OF LATEST TRANSACTION
control field 20170505143839.0
008 - FIXED-LENGTH DATA ELEMENTS--GENERAL INFORMATION
fixed length control field 170505s1994 my 00 may d
020 ## - INTERNATIONAL STANDARD BOOK NUMBER
International Standard Book Number 9676900400 (kkt.):
Terms of availability RM 8.50
040 ## - CATALOGING SOURCE
Original cataloging agency AKMAL
082 04 - DEWEY DECIMAL CLASSIFICATION NUMBER
Classification number 297.1225 KIS
090 ## - LOCALLY ASSIGNED LC-TYPE CALL NUMBER (OCLC); LOCAL CALL NUMBER (RLIN)
Classification number (OCLC) (R) ; Classification number, CALL (RLIN) (NR) 297.1225
Local cutter number (OCLC) ; Book number/undivided call number, CALL (RLIN) KIS
100 1# - MAIN ENTRY--PERSONAL NAME
Personal name Asy-Syal, Jabir
9 (RLIN) 1821
245 10 - TITLE STATEMENT
Title Kisah wanita dalam Al-Quran /
Statement of responsibility, etc. Jabir Asy-Syal ; adaptasi/editor Zulkifilee Yazid
260 ## - PUBLICATION, DISTRIBUTION, ETC.
Place of publication, distribution, etc. Batu Caves :
Name of publisher, distributor, etc. Thinker's Library,
Date of publication, distribution, etc. 1994
300 ## - PHYSICAL DESCRIPTION
Extent vii, 172ms. ;
Dimensions 21cm
500 ## - GENERAL NOTE
General note Tajuk asal: qishashun nisa' fi Al-Quran al-Karim
650 ## - SUBJECT ADDED ENTRY--TOPICAL TERM
Topical term or geographic name entry element Women in the Koran
9 (RLIN) 1822
700 0# - ADDED ENTRY--PERSONAL NAME
Personal name Zulkifilee Yazid
9 (RLIN) 1118
942 ## - ADDED ENTRY ELEMENTS (KOHA)
Source of classification or shelving scheme
Koha item type Book
Holdings
Withdrawn status Lost status Source of classification or shelving scheme Damaged status Not for loan Collection code Home library Current library Shelving location Date acquired Inventory number Total Checkouts Full call number Barcode Date last seen Price effective from Koha item type
          NON-FICTION AKMAL Melaka AKMAL Melaka PINJAMAN 05.05.2017 000366   297.1225 KIS 201701821 05.05.2017 05.05.2017 Book
Pusat Sumber Maklumat Dato' Haji Sarmin Md Hussin, Akademi Kastam Diraja Malaysia, Melaka
Tel: 06-2331106 | Faks: 06-2313787